00646nam a2200157 a 450000100100000000500170001000800410002704000250006824501170009326000490021030000360025970000440029570000260033995201060036599900170047100004493620201002045738.0150120s2002 dr c 000 0 spa d aDO-SdBNPbspacBNPHU00aPropuesta programática Trienio 2002-2005 Roberto Reina /cRoberto Reyna; edición Julio Alberto Melo Mercado. aSanto Domingo :bAlianza Académico,c2002. a132 p. :bil., retrs. ;c32 cm.12aMelo Mercado, Julio Albertoeed.97295212aReyna, Roberto972953 00107-18PDaPDbPDcOId2015-01-20iLF1l0o p44936-10r2020-06-25w2020-06-25yLFPDZNo se presta c44425d44425